Nueva concordancia Strong exhaustiva
Saved in:
| Hovedforfatter: | |
|---|---|
| Format: | Bog |
| Sprog: | spansk hebraisk Oldgræsk |
| Udgivet: |
Nashville
Caribe Inc
2002
|
| Udgivelse: | 1a. ed |
| Fag: | |
| Tags: |
Tilføj Tag
Ingen Tags, Vær først til at tagge denne postø!
|
MARC
| LEADER | 00000cam a2200000 a 4500 | ||
|---|---|---|---|
| 001 | UCC6499 | ||
| 003 | CL-VaPUC | ||
| 008 | 181213e20020000us |||||||||||||||||spa|d | ||
| 020 | |a 0899223826 | ||
| 041 | 0 | 7 | |a spa |2 CL-VaPUC |
| 041 | 0 | 7 | |a heb |2 CL-VaPUC |
| 041 | 0 | 7 | |a grc |2 CL-VaPUC |
| 082 | 0 | 4 | |a 220.561 |b STR |2 21 |
| 100 | 0 | |a Strong, James |e author |9 600967 | |
| 245 | 1 | 0 | |a Nueva concordancia Strong exhaustiva |
| 250 | |a 1a. ed | ||
| 300 | |a pág. irreg | ||
| 942 | |c BK | ||
| 945 | |d 20181213 14:55:00 |a dcastane | ||
| 260 | |a Nashville |b Caribe Inc |c 2002 | ||
| 650 | 7 | |a CONCORDANCIAS BIBLICAS |2 CL-VaPUC |9 516894 | |
| 650 | 0 | |a Sagradas escrituras |9 349657 | |
| 583 | |a last modification |c 20181213 14:55:00 |k Rodrigo Vera | ||
| 999 | |c 373440 |d 373438 | ||
| 952 | |0 0 |1 0 |3 erd |4 0 |6 220_561000000000000_STR_2002 |7 0 |8 X |9 491541 |a BIBTEO |b BIBTEO |e Precht Pizarro, Jorge Enrique |i 5521211 |o 220.561 STR 2002 |p 5521211 |r 2025-01-17 |w 2019-11-24 |y BK_X |z Catalogado en:20181213 |k ICR | ||